000 00265nam a22001217a 4500
005 20171025101055.0
008 171025b xxu||||| |||| 00| 0 eng d
041 _aeng
082 _a657.42
245 _aCOST ACCOUNTING IPCC, GROUP I
300 _a412p.
942 _cBK
999 _c5628
_d5626